000 02142cam a2200181 4500500
005 20251214005428.0
041 _afre
042 _adc
100 1 0 _aAbdelmalki, Lahsen
_eauthor
700 1 0 _aAllegret, Jean-Pierre
_eauthor
700 1 0 _aPuech, Florence
_eauthor
700 1 0 _aSadni Jallab, Mustapha
_eauthor
700 1 0 _aSilem, Ahmed
_eauthor
245 0 0 _aDéveloppements récents en économie et finances internationales : Mélanges en l'honneur du Professeur René Sandretto
260 _bArmand Colin,
_c2012.
520 _aLa science économique progresse à travers les débats qu’elle engage. L’économie, a fortiori internationale, repose essentiellement sur l’analyse de faits économiques et sociétaux vécus. Loin de la spéculation artificielle sans prise sur le réel, René Sandretto a fait sienne la prescription bergsonienne : « Il faut agir en homme de pensée et penser en homme d’action ». Ce disciple de François Perroux appartient aussi à cette catégorie d’universitaires capables de conjuguer les exigences de la coopération académique avec la nécessité de prendre en considération les situations et les besoins des hommes, de tous les hommes, là où ils se trouvent. René Sandretto a accompli des dizaines de missions de terrain en Afrique, en Asie et en Amérique, en partenariat avec les États, les institutions internationales ou la société civile, apportant la preuve que la science économique peut être utilement mise au service de l’action. Nourris par tant de voyages, de rencontres et d’échanges, ses travaux livrent les clés d’une compréhension lucide des phénomènes économiques contemporains. Trente auteurs universitaires (européens, africains, américains) et professionnels de diverses institutions internationales ont choisi de lui rendre hommage dans ce livre collectif et pluridisciplinaire. Ils ont en commun d’avoir collaboré avec René Sandretto. Tous témoignent ici de la fécondité de sa pensée…
856 4 1 _uhttps://shs.cairn.info/developpements-recents-en-economie-et-finances--9782200280536?lang=fr&redirect-ssocas=7080
999 _c1568824
_d1568824